Bundesliga: Record Players - Statistics

General Stats
  • This quiz has been taken 71 times
    39 since last reset
  • The average score is 7 of 20
Answer Stats
Games played Position Name Most notable team(s) % Correct
523 GK Manuel Neuer Bayern Munich, Schalke 04
100%
503 CAM Thomas Müller Bayern Munich
100%
557 GK Oliver Kahn Bayern Munich, Karlsruher SC
83%
490 CF Claudio Pizarro Werder Bremen, Bayern Munich
61%
489 GK Oliver Baumann TSG Hoffenheim, SC Freiburg
50%
473 GK Sepp Maier Bayern Munich
42%
602 CB Karl-Heinz Körbel Eintracht Frankfurt
31%
535 CF Klaus Fischer Schalke 04
25%
552 CB Klaus Fichtel Schalke 04
22%
581 RB Manfred Kaltz Hamburger SV
22%
512 GK Ulrich Stein Hamburger SV, Eintracht Frankfurt
19%
534 GK Eike Immel VFB Stuttgart, Borussia Dortmund
17%
546 DM Mirko Votava Werder Bremen, Borussia Dortmund
17%
478 GK Dieter Burdenski Werder Bremen
14%
495 LB Bernard Dietz MSV Duisburg, Schalke 04
11%
493 CB Ditmar Jakobs Hamburger SV
11%
518 LB Michael Lameck VFL Bochum
11%
502 RM Stefan Reuter Borussia Dortmund, Nürnberg, Bayern Munich
11%
521 CB Willi Neuberger Eintracht Frankfurt, Borussia Dortmund
8%
485 RW Reiner Geye Kaiserslautern, Fortuna Düsseldorf
6%
No matching quizzes found
Score Distribution
Percent of People with Each Score
Percentile by Number Answered
Your Score History
You have not taken this quiz since the last reset